000
00194nam a22000857a 4500
008
160624b xxu||||| |||| 00| 0 eng d
100
_9
1088
_a
Marshall, C
245
_a
Christy
260
_a
N.Y
_b
Avon
_c
1967
999
_c
874
_d
874